[Event "PRAGUE OPEN 2019 - A - IM open"]
[Site "Praha, Olympik hotel"]
[Date "2019.01.11"]
[Round "1"]
[White "Kucera, Tomas"]
[Black "Szadkowski, Kamil"]
[Result "1/2-1/2"]
[WhiteElo "1956"]
[BlackElo "2281"]
[PlyCount "65"]
[EventDate "2019.01.11"]

1. e4 e5 2. Nf3 Nc6 3. d4 exd4 4. c3 Nf6 5. e5 Ne4 6. Qe2 Nc5 7. cxd4 Ne6 8. d5
Ncd4 9. Nxd4 Bb4+ 10. Nc3 Nxd4 11. Qe4 c5 12. Bd3 d6 13. exd6+ Kf8 14. Qf4 h5
15. O-O Rh6 16. Ne4 Bf5 17. Be3 Bxe4 18. Qxe4 Rxd6 19. Bxd4 cxd4 20. Qxd4 Ba5
21. Bc4 Bb6 22. Qe5 Rg6 23. Rae1 Rg5 24. Qe4 g6 25. Kh1 Qd6 26. f4 Rf5 27. g3
Rc8 28. Bb3 Qf6 29. Re2 Qd6 30. Rfe1 Bc5 31. Qd3 Qd7 32. Re5 Rf6 33. Kg2
1/2-1/2

[Event "PRAGUE OPEN 2019 - A - IM open"]
[Site "Praha, Olympik hotel"]
[Date "2019.01.11"]
[Round "1"]
[White "Steiner, Juraj"]
[Black "Olsarova, Karolina"]
[Result "0-1"]
[WhiteElo "1926"]
[BlackElo "2263"]
[PlyCount "68"]
[EventDate "2019.01.11"]

1. d4 Nf6 2. c4 e6 3. Nc3 Bb4 4. e3 O-O 5. Bd3 d5 6. cxd5 exd5 7. Nge2 Re8 8.
Bd2 c6 9. Qc2 Nbd7 10. f3 c5 11. a3 Ba5 12. dxc5 Nxc5 13. Bb5 Ncd7 14. Nd4 a6
15. Be2 Ne5 16. O-O Bc7 17. Rad1 Bd7 18. b3 Rc8 19. Qb2 Bb8 20. Rc1 Qb6 21. Nd1
Rxc1 22. Bxc1 Qd6 23. f4 Nc6 24. Bf3 Ba7 25. Nf2 Nxd4 26. exd4 Bf5 27. Bd2 Qb6
28. Bc3 Re3 29. Nd1 Re6 30. b4 Qc7 31. Qd2 Rc6 32. Re1 Be4 33. Rf1 h6 34. g3
Bxf3 0-1

[Event "PRAGUE OPEN 2019 - A - IM open"]
[Site "Praha, Olympik hotel"]
[Date "2019.01.11"]
[Round "1"]
[White "Mach, Petr"]
[Black "Jaroch, Karol"]
[Result "0-1"]
[WhiteElo "1921"]
[BlackElo "2259"]
[PlyCount "64"]
[EventDate "2019.01.11"]

1. d4 e6 2. e4 d5 3. exd5 exd5 4. Bd3 Nc6 5. c3 Bd6 6. Nd2 Nge7 7. Ne2 Bg4 8.
Qc2 Qd7 9. Nf1 O-O-O 10. Ne3 Bxe2 11. Bxe2 f5 12. Bd2 Kb8 13. g3 g5 14. O-O-O
Rdf8 15. Rhf1 f4 16. Bg4 Qe8 17. Nf5 Nxf5 18. Bxf5 Ne7 19. Bg4 h5 20. Be6 Rf6
21. Rde1 Qf8 22. gxf4 Bxf4 23. Bxf4 Rxf4 24. Re5 g4 25. Bxd5 Nxd5 26. Rxd5 Qf7
27. Qd2 h4 28. Qe3 a6 29. Qe5 Rf8 30. Rg1 Rxf2 31. Rxg4 Qf3 32. Rg1 Qd3 0-1

[Event "PRAGUE OPEN 2019 - A - IM open"]
[Site "Praha, Olympik hotel"]
[Date "2019.01.11"]
[Round "1"]
[White "Yakimenko, Alexander A"]
[Black "Ocko, Dominik"]
[Result "1-0"]
[WhiteElo "2233"]
[BlackElo "1896"]
[PlyCount "111"]
[EventDate "2019.01.11"]

1. e4 c5 2. Nf3 e6 3. b3 Nc6 4. Bb2 d6 5. Bb5 Bd7 6. O-O Nf6 7. Re1 Be7 8. d4
cxd4 9. Nxd4 Nxd4 10. Bxd7+ Qxd7 11. Qxd4 e5 12. Qd3 O-O 13. Nc3 a6 14. Nd5
Nxd5 15. Qxd5 Rac8 16. Qd3 Qc6 17. c4 b5 18. Rec1 Bg5 19. cxb5 Qxb5 20. Qxb5
axb5 21. Rxc8 Rxc8 22. a4 b4 23. a5 Bd8 24. a6 Bb6 25. Rc1 Bc5 26. Kf1 f6 27.
Ke2 Kf7 28. f3 Ke6 29. Kd3 Kd7 30. Ra1 Kc6 31. Kc4 Ra8 32. Bc1 Kb6 33. a7 Rxa7
34. Rxa7 Kxa7 35. Kb5 Kb7 36. Bd2 Kc7 37. g4 g6 38. Bxb4 Bg1 39. h3 h5 40. Ba5+
Kd7 41. Kc4 Kc6 42. gxh5 gxh5 43. b4 d5+ 44. exd5+ Kd6 45. b5 f5 46. Bb4+ Kd7
47. Bc5 Bh2 48. Kd3 Bg3 49. b6 Bh4 50. Kc4 e4 51. fxe4 fxe4 52. Be3 Bd8 53. Kb5
Bxb6 54. Bxb6 Kd6 55. Kc4 Ke5 56. Be3 1-0

[Event "PRAGUE OPEN 2019 - A - IM open"]
[Site "Praha, Olympik hotel"]
[Date "2019.01.11"]
[Round "1"]
[White "Pavlicek, Petr"]
[Black "Sindler, Michal"]
[Result "0-1"]
[WhiteElo "1895"]
[BlackElo "2221"]
[PlyCount "84"]
[EventDate "2019.01.11"]

1. c4 e6 2. Nf3 d5 3. d4 c6 4. e3 f5 5. g3 Nf6 6. b3 Nbd7 7. Bg2 Bd6 8. O-O Qe7
9. a4 O-O 10. Ba3 Bxa3 11. Nxa3 Ne4 12. Qc2 Ndf6 13. Nb1 Bd7 14. Nbd2 Be8 15.
Ne5 Bh5 16. f3 Nxd2 17. Qxd2 Nd7 18. Nxd7 Qxd7 19. f4 Rab8 20. c5 Qe7 21. b4 g5
22. Rab1 Be8 23. Rfc1 h5 24. Kf2 Rf7 25. Rh1 h4 26. Rbg1 Rg7 27. Bf3 b6 28. Rc1
Qf6 29. Rhg1 Qh6 30. Be2 bxc5 31. Rxc5 Rgb7 32. fxg5 hxg3+ 33. Kxg3 Qf8 34. h4
Qd6+ 35. Kh3 Rxb4 36. a5 e5 37. Rg3 f4 38. exf4 Rxd4 39. Qc2 exf4 40. Rgc3 Bd7+
41. Bg4 f3 42. Bxd7 Qxd7+ 0-1

[Event "PRAGUE OPEN 2019 - B - FIDE open"]
[Site "Praha, Olympik hotel"]
[Date "2019.01.11"]
[Round "1"]
[White "Zacek, Petr"]
[Black "Hadzala, Daniel"]
[Result "0-1"]
[WhiteElo "1544"]
[BlackElo "2023"]
[PlyCount "80"]
[EventDate "2019.01.11"]

1. e4 d6 2. d4 Nf6 3. Nc3 c6 4. Bg5 Nbd7 5. g3 e5 6. Nf3 Qc7 7. Bg2 Be7 8. O-O
O-O 9. Qd2 Re8 10. Rfe1 h6 11. Be3 Ng4 12. Rad1 Nxe3 13. Rxe3 Nf8 14. d5 Bg4
15. h3 Bd7 16. h4 c5 17. Nh2 b5 18. Qe2 b4 19. Nb1 Nh7 20. Ng4 Bf8 21. c4 bxc3
22. Nxc3 Rab8 23. b3 Rb4 24. Bf1 g6 25. Nh2 Bg7 26. Qc2 Nf6 27. Be2 Reb8 28. f4
exf4 29. gxf4 Nh7 30. Bg4 Bd4 31. Qd2 Nf6 32. f5 gxf5 33. Bxf5 Bxf5 34. Qg2+
Bg6 35. Ng4 Nxg4 36. Qxg4 Bxe3+ 37. Kh2 Qe7 38. Rf1 Qe5+ 39. Kh1 h5 40. Qg2
Qxc3 0-1

[Event "PRAGUE OPEN 2019 - B - FIDE open"]
[Site "Praha, Olympik hotel"]
[Date "2019.01.11"]
[Round "1"]
[White "Rocks, Daniel"]
[Black "Kral, Jiri"]
[Result "1-0"]
[WhiteElo "2022"]
[BlackElo "1540"]
[PlyCount "103"]
[EventDate "2019.01.11"]

1. e4 e6 2. d4 d5 3. exd5 exd5 4. Nf3 Bd6 5. Be2 Ne7 6. Bg5 Nd7 7. Nbd2 f6 8.
Bh4 Nf5 9. Bg3 Nxg3 10. hxg3 Qe7 11. c3 Nb6 12. Qc2 g6 13. O-O-O Bf5 14. Bd3
Bxd3 15. Qxd3 O-O-O 16. Rde1 Qf7 17. Rh3 Rde8 18. Reh1 Nc4 19. Nxc4 dxc4 20.
Qd2 h5 21. Re1 Rxe1+ 22. Nxe1 g5 23. Nc2 h4 24. gxh4 Bf4 25. Ne3 Rxh4 26. Rxh4
gxh4 27. Qe2 Qg6 28. Qxc4 Bxe3+ 29. fxe3 Qxg2 30. Qe6+ Kd8 31. Qxf6+ Kd7 32.
Qxh4 Qf1+ 33. Kd2 Qg2+ 34. Ke1 Qxb2 35. Qg4+ Kd8 36. Qg8+ Kd7 37. Qf7+ Kd6 38.
Qf4+ Kd7 39. Qf5+ Kd8 40. Qd5+ Kc8 41. Qe6+ Kd8 42. Qb3 Qc1+ 43. Ke2 Qh1 44.
Qg8+ Kd7 45. Qf7+ Kd8 46. Qf3 Qh2+ 47. Kd3 Qd6 48. Qxb7 Qg6+ 49. e4 Qg2 50. Kc4
Qg8+ 51. Qd5+ Qxd5+ 52. Kxd5 1-0

[Event "PRAGUE OPEN 2019 - B - FIDE open"]
[Site "Praha, Olympik hotel"]
[Date "2019.01.11"]
[Round "1"]
[White "Zabehlicky, Jiri"]
[Black "Pflantz, Mike"]
[Result "0-1"]
[WhiteElo "1520"]
[BlackElo "1984"]
[PlyCount "84"]
[EventDate "2019.01.11"]

1. Nf3 Nf6 2. g3 d5 3. Bg2 c6 4. d4 Bf5 5. O-O h6 6. Nbd2 e6 7. b3 Be7 8. Bb2
Nbd7 9. c4 O-O 10. cxd5 exd5 11. a3 Re8 12. b4 a5 13. Qb3 axb4 14. axb4 Qb6 15.
Bc3 Bd6 16. e3 Bd3 17. Rfc1 Ra6 18. Ne1 Bb5 19. Rxa6 Bxa6 20. Ra1 Qc7 21. Bf1
Bxf1 22. Kxf1 Nb6 23. Kg2 Ne4 24. Nef3 Qe7 25. Rb1 Ra8 26. Nxe4 Qxe4 27. Qd1
Ra2 28. Kg1 Nc4 29. Rb3 b5 30. Qb1 Qxb1+ 31. Rxb1 Kf8 32. Kg2 Nxe3+ 33. Kg1 Nc4
34. Kf1 Ke7 35. Ke1 Kf6 36. h3 Kf5 37. Nd2 Nxd2 38. Bxd2 Ke4 39. Be3 Bxg3 40.
fxg3 Kxe3 41. Rc1 Rh2 42. Rxc6 Rh1# 0-1

[Event "PRAGUE OPEN 2019 - B - FIDE open"]
[Site "Praha, Olympik hotel"]
[Date "2019.01.11"]
[Round "1"]
[White "Ambrozi, Peter"]
[Black "Palla, Ivan"]
[Result "1-0"]
[WhiteElo "1976"]
[BlackElo "1513"]
[PlyCount "77"]
[EventDate "2019.01.11"]

1. d4 f5 2. g3 Nf6 3. Bg2 e6 4. Nf3 Be7 5. c4 O-O 6. O-O Nc6 7. Nc3 Rb8 8. a3
b6 9. d5 Na5 10. Nd2 a6 11. b4 Nb7 12. e4 fxe4 13. Ndxe4 Nd6 14. Nxd6 Bxd6 15.
dxe6 dxe6 16. Qb3 Qe8 17. Ne4 Nxe4 18. Bxe4 Qf7 19. Qc2 g6 20. Bh6 Re8 21. Rad1
Bf8 22. Bg5 Bb7 23. Rfe1 Bxe4 24. Qxe4 h6 25. Bf4 g5 26. Be5 Bg7 27. Bxg7 Qxg7
28. Qc6 Qf7 29. Rd7 Qf5 30. Rxc7 b5 31. c5 Qd5 32. Qxd5 exd5 33. Rxe8+ Rxe8 34.
Rd7 Re1+ 35. Kg2 Rd1 36. c6 Rc1 37. c7 Kf8 38. Rd8+ Ke7 39. c8=Q 1-0

[Event "PRAGUE OPEN 2019 - B - FIDE open"]
[Site "Praha, Olympik hotel"]
[Date "2019.01.11"]
[Round "1"]
[White "Trefilik, Jiri"]
[Black "Kaiser, Sebastian"]
[Result "1/2-1/2"]
[WhiteElo "1513"]
[BlackElo "1961"]
[PlyCount "65"]
[EventDate "2019.01.11"]

1. e4 e6 2. d3 e5 3. Nf3 d6 4. g3 Nc6 5. Bg2 Nf6 6. O-O Bg4 7. Re1 Qd7 8. Nbd2
h5 9. h4 Nd4 10. c3 Nxf3+ 11. Nxf3 Be7 12. Qb3 Rb8 13. Ng5 O-O 14. f3 Be6 15.
Nxe6 Qxe6 16. Qxe6 fxe6 17. Be3 a6 18. Bh3 Kf7 19. Kg2 Nh7 20. d4 g5 21. hxg5
Bxg5 22. f4 exf4 23. gxf4 Bf6 24. Kf3 Rg8 25. Rg1 Rbf8 26. Rxg8 Rxg8 27. Rg1
Rxg1 28. Bxg1 Nf8 29. f5 exf5 30. Bxf5 Ne6 31. b4 b6 32. Be3 a5 33. Bh3 1/2-1/2

[Event "PRAGUE OPEN 2019 - B - FIDE open"]
[Site "Praha, Olympik hotel"]
[Date "2019.01.11"]
[Round "1"]
[White "Lachmair, Erwin"]
[Black "Shatil, Shir"]
[Result "1-0"]
[WhiteElo "1961"]
[BlackElo "1512"]
[PlyCount "62"]
[EventDate "2019.01.11"]

1. e4 e6 2. d4 d5 3. exd5 exd5 4. c4 Nf6 5. Nc3 Be7 6. cxd5 Nxd5 7. Bc4 Nb6 8.
Bb3 O-O 9. Nge2 Bg4 10. Bf4 Bxe2 11. Nxe2 Bb4+ 12. Bd2 Bxd2+ 13. Qxd2 N8d7 14.
O-O-O Nf6 15. f3 a5 16. g4 a4 17. Bc2 Qd5 18. g5 Nfd7 19. Nc3 Qa5 20. h4 a3 21.
b3 c5 22. Qd3 g6 23. h5 cxd4 24. Ne4 Rac8 25. Qxd4 Qe5 26. Qxe5 Nxe5 27. Nf6+
Kg7 28. hxg6 Rxc2+ 29. Kxc2 Rc8+ 30. Kb1 Kxg6 31. f4 Nf3 1-0

[Event "PRAGUE OPEN 2019 - B - FIDE open"]
[Site "Praha, Olympik hotel"]
[Date "2019.01.11"]
[Round "1"]
[White "Pressler, Tobias"]
[Black "Tushar, Anand"]
[Result "1/2-1/2"]
[WhiteElo "1507"]
[BlackElo "1948"]
[PlyCount "118"]
[EventDate "2019.01.11"]

1. d4 Nf6 2. Nf3 g6 3. e3 Bg7 4. Be2 d5 5. Nbd2 O-O 6. O-O Nbd7 7. c4 c5 8. Qc2
cxd4 9. Nxd4 Nb6 10. c5 Nbd7 11. c6 Ne5 12. N2b3 Nxc6 13. Nxc6 bxc6 14. Qxc6
Bd7 15. Qa6 Qc7 16. Bd2 Ne4 17. Rac1 Qb6 18. Ba5 Qf6 19. Nd4 e5 20. Nf3 Rfc8
21. Bc7 Qe7 22. Rfd1 Qb4 23. Nxe5 Nc5 24. Qd6 Bf8 25. Qxd5 Be6 26. Qc6 Qxb2 27.
Nd3 Qxe2 28. Nxc5 Bxc5 29. Qxc5 Qxa2 30. Qe7 Qb2 31. Rb1 Qg7 32. Bd6 Re8 33.
Qb7 Qf6 34. Ra1 a5 35. Qb5 Qf5 36. Bc5 Rec8 37. Rdc1 a4 38. Qb6 Rab8 39. Qd6
Rb2 40. e4 Qxe4 41. Bd4 Rbb8 42. Re1 Qd5 43. Qxd5 Bxd5 44. Rxa4 Re8 45. Raa1
Rxe1+ 46. Rxe1 Be6 47. Bf6 Bf5 48. h3 Rb1 49. Rxb1 Bxb1 50. Kh2 h6 51. Kg3 Kh7
52. Kf3 g5 53. g3 Kg6 54. Bd8 h5 55. h4 g4+ 56. Kf4 Ba2 57. Ke5 Bb1 58. Kf4 Ba2
59. Ke5 Bb1 1/2-1/2

[Event "PRAGUE OPEN 2019 - B - FIDE open"]
[Site "Praha, Olympik hotel"]
[Date "2019.01.11"]
[Round "1"]
[White "Kylar, Miroslav"]
[Black "Levinsky, Ladislav"]
[Result "1-0"]
[WhiteElo "1943"]
[BlackElo "1506"]
[PlyCount "61"]
[EventDate "2019.01.11"]

1. d4 Nf6 2. Bf4 e6 3. Nf3 d5 4. e3 Bd6 5. Bg3 b6 6. Bd3 c6 7. Nbd2 Bb7 8. c3
h5 9. Qe2 a5 10. e4 dxe4 11. Nxe4 Bxg3 12. hxg3 Na6 13. Ne5 Nc7 14. Nc4 Nxe4
15. Bxe4 Nd5 16. Rxh5 Ke7 17. O-O-O b5 18. Ne5 Qc7 19. Qf3 Nf6 20. Rxh8 Rxh8
21. Bxc6 Bxc6 22. Qxc6 Qxc6 23. Nxc6+ Kd6 24. Nxa5 Rh2 25. Nb7+ Kc7 26. Nc5 Ng4
27. Nd3 Rxg2 28. Rd2 Kd6 29. Kc2 Rg1 30. Kb3 Nf6 31. Kb4 1-0

[Event "PRAGUE OPEN 2019 - B - FIDE open"]
[Site "Praha, Olympik hotel"]
[Date "2019.01.11"]
[Round "1"]
[White "Bae, Sungwoo"]
[Black "Palka, Miroslav"]
[Result "1-0"]
[WhiteElo "1505"]
[BlackElo "1929"]
[PlyCount "59"]
[EventDate "2019.01.11"]

1. e4 c5 2. Nf3 d6 3. Bb5+ Bd7 4. Bxd7+ Qxd7 5. O-O Nc6 6. c3 g6 7. d4 cxd4 8.
cxd4 Bg7 9. Re1 Nf6 10. Nc3 O-O 11. Bf4 Nh5 12. Be3 Na5 13. Qe2 Rac8 14. Nd2 a6
15. Nd5 Rc2 16. Qd3 Rxb2 17. Qc3 Rxd2 18. Bxd2 Nc6 19. Be3 e5 20. Nb6 Qd8 21.
d5 Nd4 22. Rab1 Nf4 23. Bxd4 exd4 24. Qf3 Nh5 25. Qa3 f5 26. exf5 Rxf5 27. Nc4
Rxd5 28. Rxb7 d3 29. Qb3 Kh8 30. Rb8 1-0

[Event "PRAGUE OPEN 2019 - B - FIDE open"]
[Site "Praha, Olympik hotel"]
[Date "2019.01.11"]
[Round "1"]
[White "Ziabari, Morteza"]
[Black "Smietanska, Wiktoria"]
[Result "1-0"]
[WhiteElo "1927"]
[BlackElo "1503"]
[PlyCount "97"]
[EventDate "2019.01.11"]

1. e4 c6 2. d4 d5 3. Nc3 dxe4 4. Nxe4 Bf5 5. Ng3 Bg6 6. Nf3 Nd7 7. Bd3 Bxd3 8.
Qxd3 e6 9. O-O Ngf6 10. a4 Bd6 11. Re1 O-O 12. Ne5 Rc8 13. Bg5 Qc7 14. Nc4 Bf4
15. Bxf4 Qxf4 16. Ne4 Nxe4 17. Rxe4 Qc7 18. Rh4 Nf6 19. Ne5 h6 20. Qg3 Kh7 21.
Qd3+ Kg8 22. Qg3 Kh8 23. Qg5 Nh7 24. Qe3 Qe7 25. Rg4 Rcd8 26. h4 Nf6 27. Rg3
Qb4 28. c3 Qxb2 29. Qe1 Qc2 30. Rb1 Rb8 31. a5 Qa4 32. c4 Qc2 33. Rgb3 b6 34.
Nxc6 Rb7 35. axb6 axb6 36. c5 Nd5 37. R1b2 Qg6 38. Ne5 Qf6 39. c6 Rc7 40. Nd7
Qxh4 41. Nxf8 Rxc6 42. Qb1 Kg8 43. Nd7 Qf4 44. Rc2 Rxc2 45. Qxc2 Qxd4 46. Qc8+
Kh7 47. Nf8+ Kg8 48. Nxe6+ Kh7 49. Nxd4 1-0

[Event "PRAGUE OPEN 2019 - B - FIDE open"]
[Site "Praha, Olympik hotel"]
[Date "2019.01.11"]
[Round "1"]
[White "Donovan, Michael"]
[Black "Marinc, Damir"]
[Result "0-1"]
[WhiteElo "1502"]
[BlackElo "1920"]
[PlyCount "52"]
[EventDate "2019.01.11"]

1. e4 e5 2. Nf3 Qe7 3. Nc3 Nf6 4. Bc4 h6 5. d3 c6 6. h3 d6 7. Be3 a5 8. a4 Na6
9. Ne2 g6 10. Qd2 Nc5 11. Bxc5 dxc5 12. Qc3 Nd7 13. O-O Bg7 14. Qb3 Nf8 15. Ng3
Ne6 16. c3 O-O 17. Rfe1 Nf4 18. Rad1 Qf6 19. Re3 h5 20. Rde1 Bh6 21. Kh2 h4 22.
Nh1 Nh5 23. R1e2 Qf4+ 24. Kg1 Bxh3 25. Nh2 Qg5 26. g3 hxg3 0-1

[Event "PRAGUE OPEN 2019 - B - FIDE open"]
[Site "Praha, Olympik hotel"]
[Date "2019.01.11"]
[Round "1"]
[White "Zoubek, Vladimir"]
[Black "Poborsky, Josef"]
[Result "0-1"]
[WhiteElo "1495"]
[BlackElo "1885"]
[PlyCount "50"]
[EventDate "2019.01.11"]

1. d4 Nf6 2. c4 g6 3. g3 Bg7 4. Bg2 c5 5. Nc3 cxd4 6. Qxd4 Nc6 7. Qd2 O-O 8. a3
Na5 9. Qd3 d6 10. Rb1 Bf5 11. e4 Bd7 12. b3 Nc6 13. Nge2 a6 14. O-O Ne5 15. Qc2
Bg4 16. Nd4 Rc8 17. Be3 Qa5 18. Bc1 b5 19. f3 Bd7 20. b4 Qb6 21. Be3 Nxc4 22.
Qf2 Nxe3 23. Qxe3 Rxc3 24. Qxc3 Nxe4 25. fxe4 Bxd4+ 0-1

[Event "PRAGUE OPEN 2019 - B - FIDE open"]
[Site "Praha, Olympik hotel"]
[Date "2019.01.11"]
[Round "1"]
[White "Ochman, Tomas"]
[Black "Tesar, Jakub"]
[Result "1-0"]
[WhiteElo "1853"]
[BlackElo "1465"]
[PlyCount "55"]
[EventDate "2019.01.11"]

1. Nf3 Nf6 2. c4 Nc6 3. d4 d5 4. Nc3 Bf5 5. Ne5 e6 6. Qa4 dxc4 7. Nxc6 bxc6 8.
Qxc6+ Nd7 9. e4 Bg6 10. Bxc4 Bb4 11. O-O Rb8 12. e5 O-O 13. Be3 Nb6 14. Bb3 Bd3
15. Rfd1 Ba6 16. Qf3 Bb7 17. Qg4 Kh8 18. Bc2 f5 19. exf6 Qxf6 20. Qh3 g6 21.
Ne4 Bxe4 22. Bxe4 Nc4 23. b3 Nd6 24. Bd3 Nf5 25. Bxf5 exf5 26. d5 Rbd8 27. Bd4
Bc3 28. Qxc3 1-0

[Event "PRAGUE OPEN 2019 - B - FIDE open"]
[Site "Praha, Olympik hotel"]
[Date "2019.01.11"]
[Round "1"]
[White "Bublik, Frantisek"]
[Black "Nguyen, Thai Dang Vi"]
[Result "1-0"]
[WhiteElo "1845"]
[BlackElo "1442"]
[PlyCount "35"]
[EventDate "2019.01.11"]

1. e4 e5 2. Nf3 Nf6 3. Nc3 Nc6 4. d4 exd4 5. Nxd4 Bc5 6. Be3 Bb6 7. Bc4 d6 8.
O-O O-O 9. Nxc6 bxc6 10. Bg5 Be6 11. Bd3 Rb8 12. e5 dxe5 13. Ne4 Bg4 14. Nxf6+
gxf6 15. Qxg4 fxg5 16. Qf5 Re8 17. Qxh7+ Kf8 18. Qh8+ 1-0

[Event "PRAGUE OPEN 2019 - B - FIDE open"]
[Site "Praha, Olympik hotel"]
[Date "2019.01.11"]
[Round "1"]
[White "Ahn, Juyong"]
[Black "Grabarczyk, Sylwester"]
[Result "1-0"]
[WhiteElo "1439"]
[BlackElo "1834"]
[PlyCount "44"]
[EventDate "2019.01.11"]

1. e4 e5 2. f4 d5 3. exd5 e4 4. Nc3 Nf6 5. Bc4 Bc5 6. Nge2 Qe7 7. d4 exd3 8.
Qxd3 Ng4 9. Ne4 O-O 10. h3 Bf5 11. hxg4 Bxe4 12. Qh3 Bxc2 13. f5 Bb4+ 14. Kf1
h6 15. Bxh6 Bd3 16. Bxd3 f6 17. d6 Qf7 18. Bf4 Qd5 19. Qh7+ Kf7 20. Qg6+ Kg8
21. Bh6 Rf7 22. Bxg7 Re7 1-0

[Event "PRAGUE OPEN 2019 - A - IM open"]
[Site "Praha, Olympik hotel"]
[Date "2019.01.12"]
[Round "2"]
[White "Postny, Evgeny"]
[Black "Yakimenko, Alexander A."]
[Result "1-0"]
[BlackElo "2233"]
[WhiteElo "2623"]
[LiveChessVersion "1.4.8"]

1. d4  e6  2. c4  f5
 3. g3  Nf6  4. Bg2
 Be7  5. Nh3  c6 
6. O-O  O-O  7. b3  d5
 8. Nd2  Qe8  9. Nf3
 Ne4  10. Nf4  Bd6
 11. Nd3  b6  12. Qc2
 Bb7  13. Bf4  Bxf4
 14. Nxf4  Nd7  15. Rfd1
 Rc8  16. Qb2  Qe7
 17. Rac1  Rfe8  18. e3
 a5  19. a3  Qf6 
20. Bf1  Kh8  21. b4  axb4
 22. axb4  Ra8  23. Nd3
 Qe7  24. Nfe5  Nxe5
 25. Nxe5  Rec8  26. Rc2
 Ra4  27. cxd5  exd5
 28. Rb1  Qe8  29. Rbc1
 Rca8  30. Nxc6  Ra2
 31. Qb3  Rxc2  32. Qxc2
 Rc8  33. b5  Nd6
 34. Qb1  g6  35. Ne5
 Rxc1  36. Qxc1  Qc8
 37. Qa3  Ne4  38. Qe7
 Ba8  39. Nf7+  Kg8
 40. Nh6+  Kh8  41. Qe5+
 1-0

[Event "PRAGUE OPEN 2019 - A - IM open"]
[Site "Praha, Olympik hotel"]
[Date "2019.01.12"]
[Round "2"]
[White "Kozak, Antoni"]
[Black "Pechac, Jergus"]
[Result "1-0"]
[BlackElo "2472"]
[WhiteElo "2236"]
[LiveChessVersion "1.4.8"]

1. d4  d5  2. Nf3  Nf6
 3. c4  e6  4. Nc3
 c5  5. e3  cxd4 
6. exd4  Be7  7. Bg5  O-O
 8. Bd3  dxc4  9. Bxc4
 b6  10. O-O  Bb7
 11. Re1  Nc6  12. a3
 Nd5  13. Bd2  Bf6
 14. Qa4  Nde7  15. Be3
 Nf5  16. Rad1  Nxe3
 17. fxe3  a6  18. Bd3
 g6  19. Be4  Rc8
 20. d5  exd5  21. Nxd5
 b5  22. Qc2  Bg7
 23. Qc5  Qe8  24. Bb1
 Kh8  25. Qb6  Nd8
 26. Nb4  Qe6  27. Rd6
 Qg4  28. e4  f5 
29. Rxd8  Rcxd8  30. Qxb7  Bxb2
 31. e5  Bd4+  32. Kh1
 Bc3  33. Rg1  Bxb4
 34. axb4  Rfe8  35. Qxa6
 1-0

[Event "PRAGUE OPEN 2019 - A - IM open"]
[Site "Praha, Olympik hotel"]
[Date "2019.01.12"]
[Round "2"]
[White "Sindler, Michal"]
[Black "Xiang, Zeyu"]
[Result "0-1"]
[BlackElo "2440"]
[WhiteElo "2221"]
[LiveChessVersion "1.4.8"]

1. e4  c5  2. Nf3  e6
 3. d3  d5  4. Nbd2
 Nc6  5. g3  Nf6 
6. Bg2  Be7  7. O-O  O-O
 8. Re1  Rb8  9. e5
 Nd7  10. h4  Qc7
 11. Nf1  b5  12. Bf4
 a5  13. N1h2  Kh8
 14. Ng5  g6  15. Ng4
 h5  16. Nh6  Bxg5
 17. hxg5  Bb7  18. g4
 h4  19. Bh2  d4 
20. Qf3  Nb4  21. Qh3  Kg7
 22. Qxh4  Rh8  23. Re2
 Bxg2  24. Kxg2  Qc6+
 25. Kg1  Qf3  26. Rae1
 c4  27. Re4  Nxc2
 28. Rc1  cxd3  29. Rf4
 d2  30. Rxf3  dxc1=Q+
 31. Kg2  Ne1+  0-1

[Event "PRAGUE OPEN 2019 - A - IM open"]
[Site "Praha, Olympik hotel"]
[Date "2019.01.12"]
[Round "2"]
[White "Frolov, Artur"]
[Black "Starek, Stanislav"]
[Result "1-0"]
[BlackElo "2221"]
[WhiteElo "2430"]
[LiveChessVersion "1.4.8"]

1. e4  c5  2. Nf3  Nc6
 3. d4  cxd4  4. Nxd4
 Nf6  5. Nc3  g6 
6. Nxc6  bxc6  7. e5  Ng8
 8. Bc4  Qa5  9. Bf4
 Bg7  10. Qf3  e6
 11. O-O  Bxe5  12. b4
 Qc7  13. Nb5  cxb5
 14. Bxe5  Qxe5  15. Qxa8
 Ne7  16. Rfe1  Qd4
 17. Bxb5  Qb6  18. a4
 O-O  19. Qe4  Nd5
 20. a5  Qxb5  21. c4
 Qxb4  22. cxd5  Qxe4
 23. Rxe4  Bb7  24. Rc4
 Bxd5  25. Rc7  a6
 26. Rxd7  Rc8  27. Rd6
 Bc4  28. Rc1  Rb8
 29. Rc6  Bb5  30. Rc8+
 Rxc8  31. Rxc8+  Kg7
 32. f4  Kf6  33. Rc7
 h6  34. h4  g5 
35. fxg5+  hxg5  36. hxg5+  Kg6
 37. Kf2  Be8  38. Rc5
 Ba4  39. Ke3  Be8
 40. Kf4  Ba4  41. g3
 Be8  42. Rc8  Bb5
 43. Rb8  Bc4  44. Rh8
 Kg7  45. Rh6  Bf1
 46. Ke5  Bd3  47. Rf6
 Bc4  48. g4  Be2
 49. g6  fxg6  50. g5
 Bc4  51. Rxe6  1-0

[Event "PRAGUE OPEN 2019 - A - IM open"]
[Site "Praha, Olympik hotel"]
[Date "2019.01.12"]
[Round "2"]
[White "Plischki, Sebastian"]
[Black "Chudinovskikh, Alexander M."]
[Result "1/2-1/2"]
[BlackElo "2184"]
[WhiteElo "2426"]
[LiveChessVersion "1.4.8"]

1. d4  Nf6  2. c4  e6
 3. Nc3  Bb4  4. Nf3
 c5  5. g3  cxd4 
6. Nxd4  O-O  7. Bg2  d5
 8. cxd5  Nxd5  9. Qb3
 Na6  10. O-O  Nc5
 11. Qc4  Bxc3  12. bxc3
 b6  13. Nc6  Qf6
 14. Qd4  Ba6  15. Bxd5
 exd5  16. Qxf6  gxf6
 17. Ne7+  Kg7  18. Re1
 Rfe8  19. Nxd5  Rxe2
 20. Be3  Rd8  21. Nf4
 Rxe1+  22. Rxe1  Ne6
 23. Nxe6+  fxe6  24. g4
 Kf7  25. Kg2  Rd3
 26. Rc1  Bc4  27. a3
 e5  28. Kf3  Ke6
 29. h3  Rd5  30. Kg3
 Ra5  31. Ra1  Ra4
 32. f4  exf4+  33. Kxf4
 Ba2+  34. Bd4  Rxa3
 35. Ke3  Ra5  36. Kd2
 f5  37. gxf5+  Kxf5
 38. Kc1  Kg5  39. Kb2
 Be6  40. Rxa5+  bxa5
 41. Bxa7  Bxh3  42. Bb6
 a4  43. c4  Bd7 
44. c5  h5  45. Ka1  Kg4
 46. Bd8  h4  47. Bxh4
 Kxh4  48. c6  Bxc6
 49. Kb2  1/2-1/2

[Event "PRAGUE OPEN 2019 - A - IM open"]
[Site "Praha, Olympik hotel"]
[Date "2019.01.12"]
[Round "2"]
[White "Schnabel, Ralf"]
[Black "Liu, Guanchu"]
[Result "0-1"]
[BlackElo "2425"]
[WhiteElo "2206"]
[LiveChessVersion "1.4.8"]

1. e4  e6  2. d4  d5
 3. Nd2  Nf6  4. e5
 Nfd7  5. Bd3  c5
 6. c3  b6  7. Nh3
 Ba6  8. Bxa6  Nxa6
 9. O-O  Nc7  10. Qg4
 c4  11. Nf4  g6 
12. Nf3  h6  13. h4  b5
 14. Qh3  a5  15. Ne2
 Rg8  16. h5  g5 
17. Nh2  f5  18. exf6  Nxf6
 19. Ng4  Nxg4  20. Qxg4
 Qd7  21. f4  Qh7
 22. f5  exf5  23. Rxf5
 Bd6  24. Bd2  Qd7
 25. Bf4  Rf8  26. Rxf8+
 Bxf8  27. Qxd7+  Kxd7
 28. Bxc7  Kxc7  29. Ng3
 Re8  30. Kf2  b4
 31. Nf5  a4  32. cxb4
 Bxb4  33. Rc1  g4
 34. Kg3  Re4  35. Rc2
 Kd7  36. Nxh6  Be1+
 37. Kh2  Ke6  38. g3
 Kf6  39. Kg2  Kg5
 40. Nf7+  Kxh5  41. Nd6
 Rxd4  42. Re2  Rd2
 43. Rxd2  Bxd2  44. Nb5
 Kg6  0-1

[Event "PRAGUE OPEN 2019 - A - IM open"]
[Site "Praha, Olympik hotel"]
[Date "2019.01.12"]
[Round "2"]
[White "Chernyak, Viktoria"]
[Black "Naumkin, Igor"]
[Result "0-1"]
[BlackElo "2418"]
[WhiteElo "2186"]
[LiveChessVersion "1.4.8"]

1. d4  Nf6  2. c4  e6
 3. Nc3  Bb4  4. e3
 c5  5. Nge2  d5 
6. a3  Bxc3+  7. Nxc3  cxd4
 8. exd4  dxc4  9. Bxc4
 Nc6  10. Be3  O-O
 11. O-O  b6  12. Qf3
 Bb7  13. Bd3  Qd7
 14. Qh3  Ne7  15. Rad1
 Ng6  16. Rfe1  Nd5
 17. Bc1  f5  18. Bb5
 Bc6  19. Bf1  h6
 20. Qg3  Rf6  21. Bd2
 Nh8  22. Nxd5  Bxd5
 23. Rc1  Rg6  24. Qh3
 Nf7  25. Rc3  Rc8
 26. Rec1  Rxc3  27. Qxc3
 Qe7  28. Qc7  Qh4
 29. Bf4  Qg4  30. Bg3
 Qxd4  31. Qxa7  e5
 32. Qd7  f4  33. Bh4
 Kh7  34. Qf5  Nd6
 35. Qc2  Be4  36. Qc3
 Nf5  37. Qxd4  Nxd4
 38. Kh1  Nf3  39. Bd3
 Bxd3  40. gxf3  Be2
 41. Rc3  Rd6  0-1